Mistrzowie Bez Porażki - Statystyki

Ogólne statystyki
  • Ten quiz został rozwiązany 267 razy
  • Średni wynik to 10 z 14
Statystyki odpowiedzi
Sezon(y) Kraj Klub % Poprawnych
2023-24 Niemcy Bayer 04 Leverkusen
99%
2003-04 Anglia Arsenal FC
92%
1931-32 Hiszpania Real Madryt CF
90%
2011-12 Włochy Juventus FC
85%
1897-98 oraz 2016-17 Szkocja Celtic FC
84%
1994-95 Holandia AFC Ajax
83%
2010-11 oraz 2012-13 Portugalia FC Porto
83%
1991-92 Włochy AC Milan
82%
1972-73 Portugalia SL Benfica
81%
1898-99 oraz 2020-21 Szkocja Rangers FC
75%
1995-96 Polska Widzew Łódź
54%
1991-92 Turcja Besiktas JK
44%
1929-30 Hiszpania Athletic Club
42%
1888-89 Anglia Preston North End FC
11%
Nie znaleziono quizów pasujących do podanych kryteriów
Rozkład punktacji
Procent ludzi z każdym wynikiem
Percentyl według liczby udzielonych odpowiedzi
Twoja historia wyników
Nie rozwiązałeś tego quizu